Transparency in financial reporting : (Record no. 18642)
[ view plain ]
| 000 -LEADER | |
|---|---|
| fixed length control field | 00963cam a22002657a 4500 |
| 001 - CONTROL NUMBER | |
| control field | 16070484 |
| 005 - DATE AND TIME OF LATEST TRANSACTION | |
| control field | 20141118121635.0 |
| 008 - FIXED-LENGTH DATA ELEMENTS--GENERAL INFORMATION | |
| fixed length control field | 100127s2009 xxk frb 001 0 eng d |
| 010 ## - LIBRARY OF CONGRESS CONTROL NUMBER | |
| LC control number | 2009675094 |
| 020 ## - INTERNATIONAL STANDARD BOOK NUMBER | |
| International Standard Book Number | 9781906659134 (hbk.) |
| 020 ## - INTERNATIONAL STANDARD BOOK NUMBER | |
| International Standard Book Number | 1906659133 (hbk.) |
| 040 ## - CATALOGING SOURCE | |
| Original cataloging agency | UKM |
| Transcribing agency | UKM |
| Modifying agency | CDX |
| -- | BTCTA |
| -- | MIA |
| -- | YDXCP |
| -- | DLC |
| -- | EG-ScBUE |
| 082 00 - DEWEY DECIMAL CLASSIFICATION NUMBER | |
| Classification number | 657.0218 |
| Edition number | 22 |
| Item number | MCE |
| 100 1# - MAIN ENTRY--PERSONAL NAME | |
| Personal name | McEwen, Ruth Ann, |
| Dates associated with a name | 1952- |
| 9 (RLIN) | 36585 |
| 245 10 - TITLE STATEMENT | |
| Title | Transparency in financial reporting : |
| Remainder of title | a concise comparison of IFRS and US GAAP / |
| Statement of responsibility, etc | by Ruth Ann McEwen. |
| 260 ## - PUBLICATION, DISTRIBUTION, ETC. (IMPRINT) | |
| Place of publication, distribution, etc | Petersfield, United Kingdom : |
| Name of publisher, distributor, etc | Harriman House, |
| Date of publication, distribution, etc | 2009 |
| Place of manufacture | ([Chippenham, United Kingdom] : |
| Manufacturer | CPI Antony Rowe) |
| 300 ## - PHYSICAL DESCRIPTION | |
| Extent | xiii,134 p. ; |
| Dimensions | 24 cm. |
| 500 ## - GENERAL NOTE | |
| General note | Index : p. 129-134. |
| 504 ## - BIBLIOGRAPHY, ETC. NOTE | |
| Bibliography, etc | Bibliography : p. 125-126. |
| 504 ## - BIBLIOGRAPHY, ETC. NOTE | |
| Bibliography, etc | Includes bibliographical references. |
| 650 #0 - SUBJECT ADDED ENTRY--TOPICAL TERM | |
| Topical term or geographic name as entry element | Accounting |
| General subdivision | Standards |
| 9 (RLIN) | 36586 |
| 653 ## - INDEX TERM--UNCONTROLLED | |
| Resource For college | BAEPS, Business Administration |
| Arrived date list | November2014 |
| 655 ## - INDEX TERM--GENRE/FORM | |
| Form subdivision | |
| -- | 34232 |
| 942 ## - ADDED ENTRY ELEMENTS (KOHA) | |
| Source of classification or shelving scheme | Dewey Decimal Classification |
| Call number prefix | 657.0218 MCE |
| Withdrawn status | Item status | Source of classification or shelving scheme | Damaged status | Not for loan | Vendor | Home library | Current library | Shelving location | Date acquired | Source of acquisition | Cost, normal purchase price | Serial Enumeration / chronology | Total Checkouts | Full call number | Barcode | Date last seen | Cost, replacement price | Koha item type |
|---|---|---|---|---|---|---|---|---|---|---|---|---|---|---|---|---|---|---|
| Dewey Decimal Classification | Baccah | Central Library | Central Library | First floor | 18/11/2014 | 319.00 | 20677 | 657.0218 MCE | 000037025 | 15/07/2025 | 398.75 | Book - Borrowing |